Santa Claus b̕usy day, (Record no. 18368)

MARC details
000 -LEADER
fixed length control field 00566cam a22002051 4500
001 - CONTROL NUMBER
control field ca 36001784
003 - CONTROL NUMBER IDENTIFIER
control field DLC
005 - DATE AND TIME OF LATEST TRANSACTION
control field 20260227111144.0
008 - FIXED-LENGTH DATA ELEMENTS--GENERAL INFORMATION
fixed length control field 890509s1924 nyu 000 0 eng
010 ## - LIBRARY OF CONGRESS CONTROL NUMBER
LC control number ca 36001784
035 ## - SYSTEM CONTROL NUMBER
System control number (OCoLC)19679638
040 ## - CATALOGING SOURCE
Original cataloging agency DLC
Transcribing agency RPB
Modifying agency DLC
042 ## - AUTHENTICATION CODE
Authentication code premarc
050 00 - LIBRARY OF CONGRESS CALL NUMBER
Classification number PN6120.C5
Item number H35
100 1# - MAIN ENTRY--PERSONAL NAME
Personal name Hartman, Zoe.
245 10 - TITLE STATEMENT
Title Santa Claus b̕usy day,
Remainder of title a play in one act,
Statement of responsibility, etc. by Z. Hartman ...
260 ## - PUBLICATION, DISTRIBUTION, ETC.
Place of publication, distribution, etc. New York,
Name of publisher, distributor, etc. Fitzgerald Publishing Corporation,
Date of publication, distribution, etc. c1924.
300 ## - PHYSICAL DESCRIPTION
Extent 17 p.
Dimensions 18 cm.
650 #0 - SUBJECT ADDED ENTRY--TOPICAL TERM
Topical term or geographic name entry element Christmas plays.

No items available.

Powered by Koha